RIVISTA DIOCESANA GENOVESE. BOLLETTINO UFFICIALE CURIA ARCIVESCOVILE. MARZO APRILE 1970. (Record n. 324628)
[ formato base ]
| 000 -LEADER | |
|---|---|
| fixed length control field | 01530nas a2200277Ia 4500 |
| 001 - CONTROL NUMBER | |
| control field | R262-R6089 |
| 003 - CONTROL NUMBER IDENTIFIER | |
| control field | IT-CnALBA |
| 008 - FIXED-LENGTH DATA ELEMENTS--GENERAL INFORMATION | |
| fixed length control field | 170116c99999999xx |||||||||||| ||und|| |
| 040 ## - CATALOGING SOURCE | |
| Original cataloging agency | IT-CnALBA |
| Transcribing agency | IT-CnALBA |
| 041 ## - LANGUAGE CODE | |
| Language code of text/sound track or separate title | ITALIANO |
| 999 ## - SYSTEM CONTROL NUMBERS (KOHA) | |
| Koha Dewey Subclass [OBSOLETE] | NO |
| 100 ## - MAIN ENTRY--PERSONAL NAME | |
| Personal name | SIRI GIUSEPPE, CARDINALE DI GENOVA |
| 210 ## - ABBREVIATED TITLE | |
| Abbreviated title | RIVISTA DIOCESANA GENOVESE |
| 222 ## - KEY TITLE | |
| Key title | RIVISTA DIOCESANA GENOVESE |
| 245 #0 - TITLE STATEMENT | |
| Title | RIVISTA DIOCESANA GENOVESE. BOLLETTINO UFFICIALE CURIA ARCIVESCOVILE. MARZO APRILE 1970. |
| 250 ## - EDITION STATEMENT | |
| Edition statement | 1a ed. |
| 260 ## - PUBLICATION, DISTRIBUTION, ETC. (IMPRINT) | |
| Place of publication, distribution, etc. | GENOVA |
| Name of publisher, distributor, etc. | BIESSE GRAFICA |
| Date of publication, distribution, etc. | 1970 [1° Ed.:1970 - Ed.Ling.Originale: 1970] |
| 300 ## - PHYSICAL DESCRIPTION | |
| Extent | 80 p. |
| 310 ## - CURRENT PUBLICATION FREQUENCY | |
| Current publication frequency | BIMESTRALE |
| 362 ## - DATES OF PUBLICATION AND/OR SEQUENTIAL DESIGNATION | |
| Dates of publication and/or sequential designation | Fascicolo: 2 / (1970) |
| 500 ## - GENERAL NOTE | |
| General note | AI PARROCI E QUARESIMALISTI DI ROMA. ATTI DELLA SANTA SEDE. BORZONE L. CAVIGLIONE C. PASTORINO A. DISCORSO AL TRIBUNALE DELLA ROMANA ROTA. PAOLO VI. REGOLAMENTO DEL CONSIGLIO PASTORALE. PMELIA MESSA CRESIMALE. OMELIA PER LA PREPARAZIONE AL CONCRESSO. COMITATI DEL CONGRESSO UECARISTICO. LETTERA DEI VESCOVI DELLA GERMANIA. |
| 501 ## - WITH NOTE | |
| With note | Società San Paolo EM - Piazza San Paolo, 14 - 12051 ALBA (CN) (non commercial uses only) ® Copyright 2017 |
| 520 ## - SUMMARY, ETC. | |
| Summary, etc. | AI PARROCI E QUARESIMALISTI DI ROMA. ATTI DELLA SANTA SEDE. BORZONE L. CAVIGLIONE C. PASTORINO A. DISCORSO AL TRIBUNALE DELLA ROMANA ROTA. PAOLO VI. REGOLAMENTO DEL CONSIGLIO PASTORALE. PMELIA MESSA CRESIMALE. OMELIA PER LA PREPARAZIONE AL CONCRESSO. COMITATI DEL CONGRESSO UECARISTICO. LETTERA DEI VESCOVI DELLA GERMANIA. |
| 650 ## - SUBJECT ADDED ENTRY--TOPICAL TERM | |
| Topical term or geographic name as entry element | ECCLESIOLOGIA |
| 942 ## - ADDED ENTRY ELEMENTS (KOHA) | |
| Koha item type | RIVISTA |
| 957 ## - | |
| -- | 1 |
| 999 ## - SYSTEM CONTROL NUMBERS (KOHA) | |
| -- | 1 |
| Withdrawn status | Lost status | Damaged status | Not for loan | Home library | Current library | Date acquired | Total Checkouts | Full call number | Date last seen | Price effective from | Koha item type | Public note |
|---|---|---|---|---|---|---|---|---|---|---|---|---|
| Buone Condizioni | Not For Loan | ALBA - Biblioteca | ALBA - Biblioteca | 16/01/2017 | R262-R6089 | 16/01/2017 | 16/01/2017 | RIVISTA | (data import: 16 gennaio 2017) - By Epidotti, Vaglietti. |